Империята на времето (Запис номер 189468)
[ съкратено ]
| 000 -Лидер | |
|---|---|
| Контролно поле с фиксирана дължина | 01792nam a2200349 c 4500 |
| 003 - Код на организацията, давaща контролен номер | |
| Контролно поле | BLK |
| 005 - Дата и час на последна редакция | |
| Контролно поле | 20210210155828.0 |
| 008 - Елементи от данни с фиксирана дължина | |
| fixed length control field | 180411b bul|||||r ||||||| ||bul|| |
| 010 ## - Наследен системен номер | |
| LC control number | KNG00198511000 |
| 020 ## - Международен стандартен номер на книга ISBN | |
| Международен стандартен номер на книга ISBN | 978-619-7367-01-0 |
| -- | издат.: Бестселър България - на том(т. 2) |
| 040 ## - Източник на каталожния запис | |
| Идентификатор на билиотеката - собственик на записа | BLK |
| 041 ## - Код за език | |
| Код за езика на текст/звукозапис или на отделно заглавие | Български |
| Код за езика КДБФ | Български |
| 072 #7 - Код за тематичната категория | |
| Код организация | bullib |
| Код за тематична категория | Н84 |
| Текст | Българска художествена литература Н |
| 080 ## - УДК | |
| Текстов определител УДК | Българска литература |
| УДК код - определител по УДК | 821.163.2 |
| УДК определител | -4 |
| УДК - код + определител | 821.163.2-4 |
| 100 1# - Редна дума - Автор | |
| Автор | Иванов, Пламен Ангелов |
| Авторска отговорност | първи автор |
| R(LIN) | 340293 |
| 139 ## - Редно поле | |
| Редна дума | Иванов, Пламен Ангелов |
| Авторски знак | Иванов - И 21 |
| 245 10 - Сведения за заглавието | |
| Заглавие | Империята на времето |
| Подзаглавни данни | 23 разкази и есета или постмодерен роман във формата на пъзел : Т. 1 - За том: Хроника на една предизвестена война |
| Редно поле (дума) | Пламен Ангелов Иванов. |
| Том | Т. 2 |
| Заглавие на том | Третият Рим и Третата световна |
| 250 ## - Област на изданието | |
| Сведения за изданието | Ново изд. |
| 257 ## - Страна на издаване | |
| Страна на създаване/издаване | България |
| 260 ## - Област на издателските данни | |
| -- | София |
| Година на издаване | 2016 - |
| 300 ## - Физическа характеристика | |
| Размери/Мащаб | 21 см |
| 380 ## - Жанр | |
| Жанр | Худож. лит. |
| 653 ## - Ключова дума – ненормативна | |
| Ключова дума | есета |
| 653 ## - Ключова дума – ненормативна | |
| Ключова дума | разкази |
| 659 ## - Тематичен бюлетин | |
| Тематичен бюлетин | Н |
| 760 1# - Описание на основната серия | |
| -- | - на том(т. 2) |
| Редна дума на основното описание | Иванов, Пламен Ангелов |
| Издание | Ново изд. |
| Място на издаване, издател и година | Бестселър България, 2016 |
| Свързани части | Ч. 1. |
| Страници - том | 296 с. : с ил. |
| Забележка - том | 1. изд. 2012 без сведение за изд. ; библиогр. каре означено 2. изд. |
| Заглавие | Т. 2 Третият Рим и Третата световна |
| 852 ## - Местоположение | |
| Форматна сигнатура | Цб 283690 |
| 856 4# - Електронен адрес и достъп | |
| Електронен формат | pdf - файл |
| Път до файла /url/ | |
| 856 4# - Електронен адрес и достъп | |
| Електронен формат | pdf - файл |
| Път до файла /url/ | |
| 942 ## - АРТИКУЛИ | |
| Вид на библиотечния материал | Книги |
| Скрит в OPAC | Не |
| Koha issues (borrowed), all copies | 2 |
| 944 ## - СЪЗДАВАНЕ И РЕДАКЦИЯ на ЗАПИСА | |
| Създаване/Редакция | Създаване |
| Дата на регистрацията/редакция | 17.12.2016 |
| Статус, дата на статуса | ф / |
| Служител, извършил регистрацията/редакцията | Виолета_Тройчева |
| 944 ## - СЪЗДАВАНЕ И РЕДАКЦИЯ на ЗАПИСА | |
| Създаване/Редакция | Редакция |
| Дата на регистрацията/редакция | 25.10.2017 |
| Статус, дата на статуса | ф / |
| Служител, извършил регистрацията/редакцията | Пенка_Димитрова |
| 999 ## - СИСТЕМНИ КОНТРОЛНИ НОМЕРА | |
| Koha biblionumber | 189468 |
| Koha biblioitemnumber | 189468 |
| Код за отписване | Код за изгубен артикул | Източник на класификационната схема | Код за повреда | Коз за рестрикции | Код за отдаване | Артикулен № | Име на библиотеката - собственик | Име на библиотеката, в която се намира в момента | Статус (Текущо местоположение) | Дата на вписване в системата | Местоположение - отдел | Цена в лева | Инвентарен номер | Систематично азбучна сигнатура | Баркод | Номер на екземпляра | Цена в евро | Служебна бележка | Служебен тип на артикула |
|---|---|---|---|---|---|---|---|---|---|---|---|---|---|---|---|---|---|---|---|
| Не е изгубен | Universal Decimal Classification | Не е повреден | без рестрикции | заемане за дома | 333363 | Регионална библиотека "Любен Каравелов" Русе | Регионална библиотека "Любен Каравелов" Русе | Заемна - подръчен фонд | 2016-12-21 | Заемна - подръчен фонд | 14.00 | 120000807191 | П 886.7-4/И 21 | 120000807191 | 1 | 7.16 | Дост: Pk Вид: Ф N: 475 Дата: 19.12.2016 | Книги | |
| Не е изгубен | Не е повреден | без рестрикции | ползва се в читалня | 333364 | Регионална библиотека "Любен Каравелов" Русе | Регионална библиотека "Любен Каравелов" Русе | Хранилище | 2017-10-25 | Хранилище | 14.00 | 120000816140 | Цб 283690 | 120000816140 | 2 | 7.16 | Дост: Dp Вид: Д N: 37 Дата: 15.08.2017 | Книги |